LEADER 01173cam a22003137a 4500 001 991002699979707536 008 150312s2004 nyua b 001 0 eng d 020 $a9780071410175 035 $ab14218446-39ule_inst 040 $aBibl. Dip.le Aggr. Matematica e Fisica - Sez. Fisica$beng 082 00$a610.1/5195$222 084 $aLC QH323.5 084 $a510.62 100 1 $aDawson, Beth$0480512 245 10$aBasic and clinical biostatistics /$cBeth Dawson, Robert G. Trapp 250 $a4th ed. 260 $aNew York :$bLange Medical Books/McGraw-Hill, Medical Pub. Division,$cc2004 300 $ax, 438 p. :$bill. ;$c23 cm +$e1 CD-ROM (4 3/4 in.) 500 $a"A Lange medical book." 504 $aIncludes bibliographical references (p. 415-421) and index 650 4$aBiometry 650 4$aStatistics 700 1 $aTrapp, Robert G. 907 $a.b14218446$b17-06-15$c12-03-15 912 $a991002699979707536 945 $aLE006 617.7 DAW$g1$i2006000174442$lle006$op$pE59.96$q-$rl$s- $t0$u0$v0$w0$x0$y.i15681579$z17-06-15 996 $aBasic and clinical biostatistics$9256360 997 $aUNISALENTO 998 $ale006$b12-03-15$cm$da $e $feng$gnyu$h0$i0 LEADER 01667oas 2200589 a 450 001 9910139505803321 005 20250506213018.0 035 $a(OCoLC)44237237 035 $a(CONSER) 2002253396 035 $a(CKB)2550000000028876 035 $a(EXLCZ)992550000000028876 100 $a20000208a19999999 sy a 101 0 $aeng 135 $aurcnu|||||||| 181 $ctxt$2rdacontent 182 $cc$2rdamedia 183 $acr$2rdacarrier 200 00$aArtsJournal $ethe daily digest of arts & cultural journalism 210 $a[Seattle, Wash.] $c[publisher not identified]$d1999- 300 $aTitle from journal home page (viewed Sept. 1, 2000). 311 08$a2159-6476 330 $aArts Journal is a weekday digest of some of the best arts Arts Journal is a weekday digest of some of the best arts rts Journal combs through more than 180 English-language newspapers, magazines and publications featuring writing about arts and culture. 517 3 $aArts journal 606 $aArts$vPeriodicals 606 $aArts$2fast$3(OCoLC)fst00817721 608 $aWebsite. 608 $aPeriodicals.$2fast 615 0$aArts 615 7$aArts. 676 $a700 676 $a070.431 801 0$bN@F 801 1$bN@F 801 2$bORU 801 2$bOCLCQ 801 2$bORU 801 2$bWAU 801 2$bOCLCQ 801 2$bHEBIS 801 2$bDLC 801 2$bOCLCQ 801 2$bOCLCF 801 2$bOCLCO 801 2$bBPJ 801 2$bOCLCQ 801 2$bOCLCO 801 2$bOCLCQ 801 2$bOCLCL 906 $aJOURNAL 912 $a9910139505803321 996 $aArtsJournal$92581525 997 $aUNINA